000 00708nam a2200169 4500
008 040702s1999 -hk chi
020 _a9622083846 :
_cNT304.00
090 _aBV4647.J68
_bK97b
100 1 _a鄺炳釗 Kwong, Andrew P.C.
245 1 0 _a從聖經看如何活得更快樂 A biblical perspective on how to live a happier life {ch} /
_c鄺炳釗 Andrew P.C. Kwong.
260 _aHong Kong :
_b天道出版社 Tien Dao Publishing House Ltd,
_cc1999.
300 _axi, 272 p.
490 1 _a生活教導/生活教導 Full life series
650 4 _aChristian life {ch}.
650 4 _aHappiness
_xBiblical teaching {ch}.
951 _pC-5298
_x00028027
_oBV4647.J68/K97b
_j070613111403609
_d2000-12-21
_cCH
999 _c20445
_d20445